000 00660nam a2200241 i 4500
001 12668
003 ES-MaACL
005 20250815164029.0
007 t|
008 930104s1991 sp a |||| | spa d
020 _a84-7720-180-3
080 _a291.37
100 1 _aCobreros, Jaime.
_939375
245 1 3 _aEl puente /
_cJaime Cobreros.
250 _a1ª ed.
260 _aBarcelona :
_bObelisco,
_c1991.
300 _a75 p :
_bil ;
_c21.
490 1 _aBiblioteca de los símbolos ;
_v2
650 7 _aSignos y símbolos
_2embne
_917097
830 0 _aBiblioteca de los símbolos ;
_v2
_9179345
852 _aES-MaACL
_jL-20103
999 _c12668
_d12668